Clubs en D1 et D2 en 1997-1998 - Statistiques

Statistiques générales
  • Ce quiz a été pris 92 fois
  • Le résultat moyen est 30 sur 40
Statistiques - réponses
Division Réponse % Correct
D1 Ol. Marseille
100%
D1 Ol. Lyonnais
99%
D1 Paris SG
99%
D1 FCG Bordeaux
98%
D1 FC Nantes
98%
D1 Stade Rennais FC
98%
D2 Lille OSC
96%
D1 FC Metz
95%
D1 RC Strasbourg
95%
D1 RC Lens
93%
D2 AS Saint-Étienne
91%
D2 OGC Nice
91%
D1 AS Monaco
90%
D1 Montpellier HSC
90%
D1 Toulouse FC
90%
D1 AJ Auxerre
88%
D2 FC Lorient
88%
D1 SC Bastia
87%
D2 AS Nancy-Lorraine
84%
D1 Le Havre AC
84%
D2 SM Caen
84%
D2 FC Sochaux
83%
D2 Nîmes Olympique
80%
D2 Amiens SC
79%
D2 AS Red Star
72%
D2 Le Mans UC
72%
D1 AS Cannes
71%
D1 EA Guingamp
68%
D2 ES Troyes AC
65%
D1 LB Châteauroux
63%
D2 Chamois Niortais FC
60%
D2 Sporting Toulon Var
59%
D2 Stade Lavallois
56%
D2 FC Martigues
54%
D2 ASOA Valence
45%
D2 FC Gueugnon
43%
D2 FC Mulhouse
41%
D2 AS Beauvais
33%
D2 CS Louhans-Cuiseaux
30%
D2 ES Wasquehal
27%
Aucun quiz correspondant
Distribution des résultats
% des personnes avec chaque résultat
Percentile par nombre de réponses
Votre historique - résultats
Vous n’avez pas pris ce quiz